Memorias / (Registro nro. 136746)

Detalles MARC
000 -LEADER
campo de control de longitud fija 00856nam a2200253 4500
001 - NÚMERO DE CONTROL
campo de control 136746
003 - IDENTIFICADOR DE NÚMERO DE CONTROL
campo de control ES-MaACL
005 - FECHA Y HORA DE LA ÚLTIMA TRANSACCIÓN
campo de control 20250713063712.0
007 - CAMPO FIJO DE DESCRIPCIÓN FÍSICA--INFORMACIÓN GENERAL
campo de control de longitud fija t|
008 - DATOS DE LONGITUD FIJA--INFORMACIÓN GENERAL
campo de control de longitud fija 070214e1957 sp r ||||1| spa d
080 ## - NÚMERO DE LA CLASIFICACIÓN DECIMAL UNIVERSAL
Número de la Clasificación Decimal Universal 821.134.1-94"19"
100 1# - ENTRADA PRINCIPAL--NOMBRE DE PERSONA
Nombre de persona Sagarra, Josep M. de,
Fechas asociadas al nombre 1894-1961
Término indicativo de función/relación Autor
9 (RLIN) 101415
245 10 - MENCIÓN DEL TÍTULO
Título Memorias /
Mención de responsabilidad, etc. Josep M. de Sagarra ; prólogo de Camilo José Cela ; traducción de Fernando Gutiérrez.
250 ## - MENCION DE EDICION
Mención de edición 1.ª ed. castellana
260 ## - PUBLICACIÓN, DISTRIBUCIÓN, ETC.
Lugar de publicación, distribución, etc. Barcelona :
Nombre del editor, distribuidor, etc. Noguer,
Fecha de publicación, distribución, etc. 1957.
300 ## - DESCRIPCIÓN FÍSICA
Extensión XXIII, 760 páginas ;
Dimensiones 21 cm.
600 14 - PUNTO DE ACCESO ADICIONAL DE MATERIA--NOMBRE DE PERSONA
Nombre de persona Sagarra, Josep M. de,
Fechas asociadas al nombre 1894-1961
9 (RLIN) 101415
700 1# - ENTRADA AGREGADA--NOMBRE PERSONAL
Nombre de persona Cela, Camilo José,
Fechas asociadas al nombre 1916-2002
Término indicativo de función/relación Autor de introducción
9 (RLIN) 37336
700 1# - ENTRADA AGREGADA--NOMBRE PERSONAL
Nombre de persona Gutiérrez, Fernando,
Fechas asociadas al nombre 1911-1984
Término indicativo de función/relación Traductor
9 (RLIN) 156260
852 4# - LOCALIZACIÓN
Ubicación ES-MaACL
Ubicación en estantería Sala Palomar
Número de control de estantería C-12490
942 ## - ELEMENTOS DE ENTRADA SECUNDARIOS (KOHA)
Fuente del sistema de clasificación o colocación Clasificación decimal universal
Tipo de ítem Koha Libro impreso
Suprimir en OPAC No
Existencias
Estatus retirado Estado de pérdida Fuente del sistema de clasificación o colocación Estado de daño No para préstamo Biblioteca de origen Biblioteca actual Ubicación en estantería Fecha de adquisición Total de préstamos Signatura topográfica completa Código de barras Visto por última vez Tipo de ítem Koha
    Clasificación decimal universal     Biblioteca del Ateneo de Madrid Biblioteca del Ateneo de Madrid Sala Palomar 17/01/2008   C-12490 1142313 23/02/2023 Libro impreso